|
|
|
|
| LEADER |
00970nam a2200253 a 4500 |
| 001 |
1426065 |
| 008 |
091105t19941984nyu 000 1 eng d |
| 010 |
|
|
|a 84048154
|
| 020 |
|
|
|a 0140238131
|
| 020 |
|
|
|a 0060390387 :
|c $16.95
|
| 040 |
|
|
|a DLC
|c DLC
|d DLC
|
| 082 |
0 |
0 |
|a 823
|2 19
|
| 100 |
1 |
|
|a Desai, Anita,
|d 1937-
|
| 245 |
1 |
0 |
|a In custody /
|c Anita Desai.
|
| 250 |
|
|
|a 1st U.S. ed.
|
| 260 |
|
|
|a New York ;
|a New Delhi :
|b Harper & Row :
|b Penguin Books,
|c c1984.
|
| 300 |
|
|
|a 203 p. ;
|c 22 cm.
|
| 541 |
1 |
|
|e 00019497
|
| 500 |
|
|
|a "A Cornelia & Michael Bessie book."
|
| 650 |
|
0 |
|a Poets, Indic
|x Interviews
|x Fiction.
|
| 651 |
|
0 |
|a India
|x Fiction.
|
| 852 |
4 |
|
|a Ayesha Abed Library
|j General Shelf.
|
| 999 |
|
|
|c 5246
|d 5246
|
| 952 |
|
|
|0 0
|1 0
|2 ddc
|4 1
|6 823_DES_198400000000000
|7 0
|9 5091
|a ENH
|b ENH
|d 2009-11-08
|l 1
|o 823 DES
|p 3010019497
|r 2014-05-14
|s 2013-02-18
|t 1
|w 2009-11-08
|y BK
|x Departmental-issued damaged books were found in the ENH department for the reason of termites eaten in 2016
|